[Event "Titled Tuesday intern op 14th Jan Early"]
[Site "Chess.com INT"]
[Date "2025.01.14"]
[Round "2"]
[White "Shishkov, Andrei"]
[Black "Sabarez, Iulian"]
[Result "1-0"]
[WhiteElo "2340"]
[BlackElo "2063"]
[PlyCount "38"]
[EventDate "2025.01.14"]
[EventType "swiss (blitz)"]
[EventRounds "11"]
[EventCountry "USA"]
[SourceTitle "CB04_2025"]
[SourceDate "2025.01.22"]
[SourceVersion "1"]
[SourceVersionDate "2025.01.22"]
[SourceQuality "1"]

1. d4 Nf6 2. c4 c6 3. Nc3 d5 4. e3 e6 5. b3 Be7 6. Bb2 0-0 7. Bd3 Nbd7 8. Nf3 b6 9. 0-0 Bb7 10. Qc2 dxc4 11. bxc4 c5 12. d5 exd5 13. cxd5 c4 14. Bxc4 Rc8 15. Qe2 Bb4 16. Rfd1 Bxc3 17. Bxc3 b5 18. Bxf6 bxc4 19. Bxd8 Rfxd8 1-0

[Event "Titled Tuesday intern op 14th Jan Early"]
[Site "Chess.com INT"]
[Date "2025.01.14"]
[Round "6"]
[White "Van Kooten, Luuk"]
[Black "Sabarez, Iulian"]
[Result "1-0"]
[WhiteElo "2211"]
[BlackElo "2063"]
[PlyCount "69"]
[EventDate "2025.01.14"]
[EventType "swiss (blitz)"]
[EventRounds "11"]
[EventCountry "USA"]
[SourceTitle "CB04_2025"]
[SourceDate "2025.01.22"]
[SourceVersion "1"]
[SourceVersionDate "2025.01.22"]
[SourceQuality "1"]

1. d4 Nf6 2. c4 e6 3. Nc3 d5 4. cxd5 exd5 5. Bg5 Be7 6. Qc2 0-0 7. e3 c6 8. Bd3 Nbd7 9. Nge2 h6 10. Bh4 Re8 11. f3 Nf8 12. 0-0 Ne6 13. Rad1 g6 14. h3 Nh5 15. Bf2 Bh4 16. Bxg6 Bxf2+ 17. Rxf2 fxg6 18. Qxg6+ Nhg7 19. e4 Qg5 20. Qxg5 hxg5 21. exd5 Nf4 22. Nxf4 gxf4 23. dxc6 bxc6 24. Ne4 Rd8 25. Rc2 Be6 26. Rxc6 Bxa2 27. d5 Rac8 28. Ra6 Bb3 29. Rd2 Rc2 30. d6 Rxd2 31. Nxd2 Nf5 32. Nxb3 Re8 33. d7 Re1+ 34. Kf2 Rd1 35. Rxa7 1-0

[Event "Titled Tuesday intern op 07th Jan Early"]
[Site "Chess.com INT"]
[Date "2025.01.07"]
[Round "8"]
[White "Warsia, Khusbu"]
[Black "Sabarez, Iulian"]
[Result "1-0"]
[WhiteElo "1984"]
[BlackElo "2063"]
[PlyCount "59"]
[EventDate "2025.01.07"]
[EventType "swiss (blitz)"]
[EventRounds "11"]
[EventCountry "USA"]
[SourceTitle "CB03_2025"]
[SourceDate "2025.01.15"]
[SourceVersion "1"]
[SourceVersionDate "2025.01.15"]
[SourceQuality "1"]

1. e3 g6 2. d4 Bg7 3. c4 Nf6 4. Nc3 0-0 5. f4 d6 6. Nf3 c5 7. d5 e6 8. Be2 exd5 9. cxd5 Bg4 10. 0-0 Nbd7 11. h3 Bxf3 12. Bxf3 Rb8 13. a4 b6 14. e4 a6 15. Re1 Re8 16. Qd3 b5 17. axb5 axb5 18. Nxb5 c4 19. Qxc4 Qb6+ 20. Be3 Qxb5 21. Qxb5 Rxb5 22. Bd4 Rb4 23. Bc3 Rc4 24. e5 dxe5 25. fxe5 Rxc3 26. exf6 Ne5 27. bxc3 Nxf3+ 28. gxf3 Rxe1+ 29. Rxe1 Bxf6 30. d6 1-0

[Event "ROM-chT"]
[Site "Mamaia"]
[Date "2024.10.06"]
[Round "9.5"]
[White "Sabarez, Iulian"]
[Black "Carmaciu, Lucian Catalin"]
[Result "0-1"]
[WhiteElo "2051"]
[BlackElo "2368"]
[PlyCount "92"]
[EventDate "2024.09.28"]
[EventType "team-tourn"]
[EventRounds "9"]
[EventCountry "ROU"]
[SourceTitle "EXT 2025"]
[Source "ChessBase"]
[SourceDate "2024.10.14"]
[SourceVersion "1"]
[SourceVersionDate "2024.10.14"]
[SourceQuality "1"]
[WhiteTeam "Pioni Romanesti"]
[BlackTeam "Timisoara Vest Univ"]
[WhiteTeamCountry "ROU"]
[BlackTeamCountry "ROU"]

1. e4 c6 2. d4 d5 3. exd5 cxd5 4. Bd3 Nc6 5. c3 e6 6. Bf4 Nge7 7. Nf3 f6 8. 0-0 Qb6 9. b4 Ng6 10. Bg3 Nce7 11. Re1 Kf7 12. h4 h5 13. Qa4 Qd8 14. c4 dxc4 15. Bxc4 Nd5 16. Bxd5 Qxd5 17. Nc3 Bd7 18. b5 Qf5 19. d5 e5 20. Qb3 Bc5 21. Ne4 Rhc8 22. Rac1 Bf8 23. d6+ Be6 24. Qd3 Kg8 25. Rc7 Rxc7 26. dxc7 Be7 27. Rc1 Rc8 28. a4 b6 29. Rc6 Kh8 30. Nfd2 Bd7 31. Rc4 Qe6 32. f3 Be8 33. Bf2 Nf4 34. Qc2 Qd7 35. Kh2 Bf7 36. Rc3 Bb4 37. Rc6 Bd5 38. Nxf6 gxf6 39. Rxf6 Rxc7 40. Qb2 Bc3 41. Qa3 Qg7 42. Rf8+ Bg8 43. g3 Bxd2 44. Qd6 Rd7 45. Qb8 Nd3 46. Qe8 Rf7 0-1

[Event "ROM-chT"]
[Site "Mamaia"]
[Date "2024.09.29"]
[Round "2.5"]
[White "Sabarez, Iulian"]
[Black "Patrascu, Catalin Lucian"]
[Result "0-1"]
[WhiteElo "2051"]
[BlackElo "2298"]
[PlyCount "98"]
[EventDate "2024.09.28"]
[EventType "team-tourn"]
[EventRounds "9"]
[EventCountry "ROU"]
[SourceTitle "EXT 2025"]
[Source "ChessBase"]
[SourceDate "2024.10.14"]
[SourceVersion "1"]
[SourceVersionDate "2024.10.14"]
[SourceQuality "1"]
[WhiteTeam "Pioni Romanesti"]
[BlackTeam "Buzau Phoenix"]
[WhiteTeamCountry "ROU"]
[BlackTeamCountry "ROU"]

1. e4 c5 2. Nf3 d6 3. c3 Nf6 4. Be2 Bd7 5. e5 dxe5 6. Nxe5 Nc6 7. Nxd7 Qxd7 8. d3 e6 9. Nd2 Be7 10. Nf3 0-0 11. Be3 Rad8 12. Qc2 Nd5 13. 0-0 Qc7 14. Rad1 b6 15. d4 cxd4 16. cxd4 Qd6 17. a3 Rc8 18. Qb1 f5 19. Bc4 Bf6 20. Rfe1 h6 21. h4 Rc7 22. Qa2 Nce7 23. Bd2 Kh7 24. Re2 Ng6 25. g3 Qc6 26. Ne5 Bxe5 27. Bxd5 exd5 28. dxe5 Re8 29. Bc3 Rd7 30. Qb1 Qe6 31. g4 Rf8 32. Bb4 Rff7 33. h5 Nf4 34. Re3 Kg8 35. Rc1 Rd8 36. Qc2 d4 37. Ree1 fxg4 38. Rf1 Nh3+ 39. Kg2 Qd5+ 40. f3 Rxf3 41. Qc4 Rf2+ 42. Kg3 Qxc4 43. Rxc4 Rxf1 44. e6 Nf4 45. e7 Re8 46. Kxg4 Nd5 47. Rxd4 Nxb4 48. axb4 Rxe7 49. b5 Re5 0-1

[Event "Titled Tuesday intern op 03rd Sep Early"]
[Site "Chess.com INT"]
[Date "2024.09.03"]
[Round "5"]
[White "Elier, Ali"]
[Black "Sabarez, Iulian"]
[Result "0-1"]
[WhiteElo "2160"]
[BlackElo "2051"]
[PlyCount "110"]
[EventDate "2024.09.03"]
[EventType "swiss (blitz)"]
[EventRounds "11"]
[EventCountry "USA"]
[SourceTitle "EXT 2025"]
[Source "ChessBase"]
[SourceDate "2024.10.14"]
[SourceVersion "1"]
[SourceVersionDate "2024.10.14"]
[SourceQuality "1"]

1. e4 c5 2. d4 cxd4 3. c3 dxc3 4. Nxc3 d6 5. Nf3 Nc6 6. Bc4 e6 7. 0-0 Nf6 8. Qe2 Be7 9. Rd1 e5 10. Be3 a6 11. Rac1 0-0 12. b4 Nxb4 13. Nxe5 Be6 14. a3 Bxc4 15. Qxc4 d5 16. exd5 Rc8 17. Qd4 Bc5 18. Qd2 Bxe3 19. fxe3 Nbxd5 20. Nxd5 Rxc1 21. Rxc1 Qxd5 22. Qxd5 Nxd5 23. e4 Nf6 24. Rc7 b5 25. Ra7 Nxe4 26. Rxa6 Re8 27. Nd3 Rd8 28. Kf1 g6 29. Ne1 Rd2 30. Rb6 Rf2+ 31. Kg1 Rb2 32. h4 Rb1 33. Kf1 Nd2+ 34. Ke2 Nc4 35. Rb8+ Kg7 36. a4 b4 37. Nd3 b3 38. Rb4 Nd6 39. a5 Ra1 40. Rxb3 Rxa5 41. Rb6 Nf5 42. Rb7 Nxh4 43. g4 g5 44. Ke3 Ng6 45. Ke4 Ra4+ 46. Kf5 h6 47. Rc7 Nh4+ 48. Ke5 Rxg4 49. Kd5 Ng6 50. Nc5 Rf4 51. Ne6+ Kf6 52. Nxf4 Nxf4+ 53. Ke4 Ne6 54. Rc8 Kg7 55. Kf5 h5 0-1

[Event "Titled Tuesday intern op 03rd Sep Early"]
[Site "Chess.com INT"]
[Date "2024.09.03"]
[Round "3"]
[White "Sabarez, Iulian"]
[Black "Gurevich, Dmitry"]
[Result "0-1"]
[WhiteElo "2051"]
[BlackElo "2352"]
[PlyCount "116"]
[EventDate "2024.09.03"]
[EventType "swiss (blitz)"]
[EventRounds "11"]
[EventCountry "USA"]
[SourceTitle "EXT 2025"]
[Source "ChessBase"]
[SourceDate "2024.10.14"]
[SourceVersion "1"]
[SourceVersionDate "2024.10.14"]
[SourceQuality "1"]

1. e4 c5 2. Nf3 d6 3. c3 Nf6 4. Be2 g6 5. 0-0 Bg7 6. Re1 0-0 7. Bf1 e5 8. h3 Nc6 9. d4 exd4 10. cxd4 cxd4 11. Nxd4 Nxd4 12. Qxd4 Be6 13. Nc3 Nd5 14. Qd2 Nxc3 15. bxc3 Rc8 16. Bb2 Qa5 17. Qxd6 Rfd8 18. Qf4 Be5 19. Qe3 Bxc3 20. Bxc3 Rxc3 21. Qe2 Bc4 22. Qb2 Bxf1 23. Rxf1 b6 24. Rfd1 Rcd3 25. Rxd3 Rxd3 26. Rc1 Rd8 27. Qf6 Re8 28. Rc7 Qxa2 29. e5 Qe6 30. Qxe6 Rxe6 31. Rxa7 Rxe5 32. Rb7 Rb5 33. g3 h5 34. Kg2 Rb4 35. Kf3 Kg7 36. g4 Rb3+ 37. Kg2 hxg4 38. hxg4 Kf6 39. f4 Ke6 40. f5+ gxf5 41. gxf5+ Kf6 42. Kf2 b5 43. Ke2 b4 44. Kd2 Rb2+ 45. Kc1 Re2 46. Rxb4 Kxf5 47. Kd1 Re4 48. Rb7 f6 49. Kd2 Kf4 50. Rb3 f5 51. Rh3 Kg4 52. Rh8 f4 53. Rf8 Kf3 54. Rg8 Kf2 55. Kd3 Re7 56. Rf8 f3 57. Rf6 Rd7+ 58. Ke4 Ke2 0-1

[Event "Titled Tuesday intern op 03rd Sep Early"]
[Site "Chess.com INT"]
[Date "2024.09.03"]
[Round "10"]
[White "Sabarez, Iulian"]
[Black "Olendo, Sara Francine"]
[Result "1-0"]
[WhiteElo "2051"]
[BlackElo "1802"]
[PlyCount "87"]
[EventDate "2024.09.03"]
[EventType "swiss (blitz)"]
[EventRounds "11"]
[EventCountry "USA"]
[SourceTitle "EXT 2025"]
[Source "ChessBase"]
[SourceDate "2024.10.14"]
[SourceVersion "1"]
[SourceVersionDate "2024.10.14"]
[SourceQuality "1"]

1. e4 e5 2. Nf3 Nf6 3. Nc3 Bb4 4. Be2 d6 5. d3 d5 6. exd5 Nxd5 7. Bd2 Nxc3 8. bxc3 Bd6 9. 0-0 0-0 10. Re1 Nc6 11. Bf1 Bg4 12. g3 f5 13. Bg2 f4 14. h3 Bxf3 15. Qxf3 fxg3 16. Qd5+ Kh8 17. fxg3 e4 18. Rxe4 Bxg3 19. Qxd8 Raxd8 20. Be3 Rde8 21. Rf1 Rxf1+ 22. Kxf1 Rxe4 23. Bxe4 a6 24. Ke2 Be5 25. c4 a5 26. Bxc6 bxc6 27. Kf3 Kg8 28. Ke4 Bc3 29. Bf4 Kf7 30. Bxc7 g5 31. Kf5 h6 32. Bg3 Bd2 33. h4 gxh4 34. Bxh4 Be3 35. Bg3 Bd4 36. Be5 Be3 37. Bf4 Bxf4 38. Kxf4 Ke6 39. d4 Kf6 40. c3 a4 41. a3 Kg6 42. d5 c5 43. Kg4 Kf6 44. Kh5 1-0

[Event "Titled Tuesday intern op 03rd Sep Early"]
[Site "Chess.com INT"]
[Date "2024.09.03"]
[Round "8"]
[White "Swara, Lakshmi S Nair"]
[Black "Sabarez, Iulian"]
[Result "1-0"]
[WhiteElo "2018"]
[BlackElo "2051"]
[PlyCount "51"]
[EventDate "2024.09.03"]
[EventType "swiss (blitz)"]
[EventRounds "11"]
[EventCountry "USA"]
[SourceTitle "EXT 2025"]
[Source "ChessBase"]
[SourceDate "2024.10.14"]
[SourceVersion "1"]
[SourceVersionDate "2024.10.14"]
[SourceQuality "1"]

1. e4 c5 2. Nf3 d6 3. d4 cxd4 4. Nxd4 Nf6 5. Nc3 a6 6. Bg5 e6 7. f4 Qb6 8. Qd2 Nc6 9. Nb3 h6 10. Bxf6 gxf6 11. 0-0-0 Qc7 12. g3 b5 13. Bg2 Bb7 14. Rhe1 Rc8 15. Kb1 Na5 16. Nd5 Bxd5 17. exd5 Nxb3 18. cxb3 e5 19. Rc1 Qb7 20. fxe5 fxe5 21. Bh3 Rc5 22. Rxc5 dxc5 23. Rxe5+ Be7 24. d6 0-0 25. dxe7 Re8 26. Bd7 1-0

[Event "Titled Tuesday intern op 03rd Sep Early"]
[Site "Chess.com INT"]
[Date "2024.09.03"]
[Round "4"]
[White "Villa Tornero, Alex"]
[Black "Sabarez, Iulian"]
[Result "1-0"]
[WhiteElo "2241"]
[BlackElo "2051"]
[PlyCount "49"]
[EventDate "2024.09.03"]
[EventType "swiss (blitz)"]
[EventRounds "11"]
[EventCountry "USA"]
[SourceTitle "EXT 2025"]
[Source "ChessBase"]
[SourceDate "2024.10.14"]
[SourceVersion "1"]
[SourceVersionDate "2024.10.14"]
[SourceQuality "1"]

1. e4 e5 2. Nf3 Nc6 3. d4 exd4 4. c3 dxc3 5. Nxc3 g6 6. Bc4 Bg7 7. Qd5 Qe7 8. Bg5 Nf6 9. Qd3 h6 10. Nd5 Nb4 11. Nxb4 hxg5 12. Nd5 Nxd5 13. Bxd5 c6 14. Bb3 Bxb2 15. Rb1 Bf6 16. 0-0 g4 17. e5 gxf3 18. exf6 Qxf6 19. Rfe1+ Kf8 20. Re3 d5 21. Rxf3 Bf5 22. Qe3 Kg7 23. Rf1 Qh4 24. h3 Rae8 25. Qc3+ 1-0

[Event "Titled Tuesday intern op 27th Aug Early"]
[Site "Chess.com INT"]
[Date "2024.08.27"]
[Round "5"]
[White "Sabarez, Iulian"]
[Black "Vshivkov, Konstantin"]
[Result "0-1"]
[WhiteElo "2022"]
[BlackElo "2315"]
[PlyCount "94"]
[EventDate "2024.08.27"]
[EventType "swiss (blitz)"]
[EventRounds "11"]
[EventCountry "USA"]
[SourceTitle "EXT 2025"]
[Source "ChessBase"]
[SourceDate "2024.10.14"]
[SourceVersion "1"]
[SourceVersionDate "2024.10.14"]
[SourceQuality "1"]

1. e4 e6 2. d4 d5 3. Nd2 Nf6 4. e5 Nfd7 5. Bd3 c5 6. c3 Nc6 7. Ne2 cxd4 8. cxd4 f6 9. exf6 Qxf6 10. Nf3 h6 11. Bf4 Bb4+ 12. Kf1 0-0 13. Bc2 Re8 14. Qd3 Nf8 15. Ne5 Bd6 16. Nxc6 Bxf4 17. Nxf4 Qxf4 18. Ne5 Qf5 19. Qd2 Qf6 20. Re1 Bd7 21. Qd3 Rad8 22. Re3 a6 23. Nxd7 Rxd7 24. Rf3 Qe7 25. h4 e5 26. dxe5 Qxe5 27. Re3 Qb8 28. Rhh3 d4 29. Ref3 Qe5 30. Rxf8+ Kxf8 31. Rf3+ Rf7 32. Kg1 Qe1+ 33. Kh2 Qe7 34. Qh7 Qxh4+ 35. Rh3 Qf4+ 36. Rg3 Re5 37. Bg6 Qh4+ 38. Rh3 Qf4+ 39. Rg3 Ref5 40. Bxf5 Qxf5 41. Qh8+ Ke7 42. Rf3 Qe5+ 43. g3 Rxf3 44. Kg2 Rf7 45. Qh7 Qd5+ 46. Kh3 d3 47. g4 d2 0-1

[Event "Titled Tuesday intern op 27th Aug Early"]
[Site "Chess.com INT"]
[Date "2024.08.27"]
[Round "11"]
[White "Vifleemskaia, Svetlana"]
[Black "Sabarez, Iulian"]
[Result "1-0"]
[WhiteElo "1942"]
[BlackElo "2022"]
[PlyCount "115"]
[EventDate "2024.08.27"]
[EventType "swiss (blitz)"]
[EventRounds "11"]
[EventCountry "USA"]
[SourceTitle "EXT 2025"]
[Source "ChessBase"]
[SourceDate "2024.10.14"]
[SourceVersion "1"]
[SourceVersionDate "2024.10.14"]
[SourceQuality "1"]

1. d4 Nf6 2. c4 e6 3. Nc3 Bb4 4. e3 0-0 5. Nge2 d5 6. a3 Be7 7. cxd5 exd5 8. g3 c6 9. Bg2 Nbd7 10. 0-0 Re8 11. f3 c5 12. Kh1 cxd4 13. exd4 b6 14. Nf4 Nf8 15. Nd3 Ne6 16. Ne5 Bb7 17. Be3 Rc8 18. Re1 Nd7 19. Nxd7 Qxd7 20. Bh3 Bf6 21. Bf2 Qd6 22. f4 Rcd8 23. Bg2 Nc7 24. Qd2 Ba6 25. h3 Kf8 26. Kh2 g6 27. Rxe8+ Rxe8 28. Re1 Rxe1 29. Qxe1 Qe6 30. Qd2 Nb5 31. Nxd5 Bb7 32. Nxf6 Bxg2 33. Kxg2 Qxf6 34. d5 Qd6 35. f5 Nc7 36. fxg6 hxg6 37. Qh6+ Kg8 38. Qd2 Qxd5+ 39. Qxd5 Nxd5 40. Kf3 Kf8 41. Ke4 Nc7 42. Ke5 Ke7 43. h4 f6+ 44. Ke4 Ke6 45. g4 f5+ 46. gxf5+ gxf5+ 47. Kd4 Nd5 48. Be1 Nf6 49. Bd2 Kf7 50. Ke5 Kg6 51. Bg5 Ng4+ 52. Kf4 Nf2 53. Kf3 Nd3 54. b4 Nb2 55. Bc1 Nc4 56. Kf4 b5 57. h5+ Kxh5 58. Kxf5 1-0

[Event "Titled Tuesday intern op 13th Aug Late"]
[Site "Chess.com INT"]
[Date "2024.08.13"]
[Round "7"]
[White "Lenoir Ibacache, Gabriel Alberto"]
[Black "Sabarez, Iulian"]
[Result "1-0"]
[WhiteElo "2228"]
[BlackElo "2022"]
[PlyCount "81"]
[EventDate "2024.08.13"]
[EventType "swiss (blitz)"]
[EventRounds "11"]
[EventCountry "USA"]
[SourceTitle "EXT 2025"]
[Source "ChessBase"]
[SourceDate "2024.10.14"]
[SourceVersion "1"]
[SourceVersionDate "2024.10.14"]
[SourceQuality "1"]

1. e4 e5 2. Nf3 Nc6 3. Bb5 a6 4. Ba4 Nf6 5. 0-0 Be7 6. Re1 b5 7. Bb3 d6 8. c3 0-0 9. h3 Nb8 10. a4 Bb7 11. d3 c5 12. Nbd2 Nc6 13. Nf1 Na5 14. Bc2 Qc7 15. Ng3 Rfe8 16. d4 Bf8 17. d5 c4 18. Nh2 Nd7 19. Nf5 Nc5 20. Qg4 Nab3 21. Bh6 f6 22. Rad1 Kh8 23. Be3 Nxa4 24. Rb1 Bc8 25. Qh4 Bxf5 26. exf5 a5 27. g4 b4 28. cxb4 axb4 29. g5 Ra5 30. Kh1 Rxd5 31. Rg1 Nd4 32. Be4 Rb5 33. gxf6 gxf6 34. Bh6 Bxh6 35. Qxh6 Qf7 36. Ng4 Rf8 37. Rg2 d5 38. Rbg1 Rb6 39. Nxf6 Rxf6 40. Qc1 dxe4 41. Qa1 1-0

[Event "Titled Tuesday intern op 13th Aug Late"]
[Site "Chess.com INT"]
[Date "2024.08.13"]
[Round "2"]
[White "Novak, Ratko"]
[Black "Sabarez, Iulian"]
[Result "0-1"]
[WhiteElo "2034"]
[BlackElo "2022"]
[PlyCount "56"]
[EventDate "2024.08.13"]
[EventType "swiss (blitz)"]
[EventRounds "11"]
[EventCountry "USA"]
[SourceTitle "EXT 2025"]
[Source "ChessBase"]
[SourceDate "2024.10.14"]
[SourceVersion "1"]
[SourceVersionDate "2024.10.14"]
[SourceQuality "1"]

1. d4 Nf6 2. c4 e6 3. a3 d5 4. Nc3 c6 5. cxd5 exd5 6. Bg5 Be7 7. f3 h6 8. Bh4 Qb6 9. Qd2 Ne4 10. fxe4 Bxh4+ 11. g3 Bg5 12. e3 0-0 13. Nf3 dxe4 14. Nxg5 hxg5 15. Nxe4 g4 16. Bc4 Bf5 17. Nd6 Bg6 18. 0-0 Nd7 19. e4 Nf6 20. Rae1 Rad8 21. e5 Ne4 22. Rxe4 Bxe4 23. Rxf7 Rxf7 24. Qf2 Bf3 25. Bxf7+ Kh8 26. h3 Qb3 27. hxg4 Qd1+ 28. Kh2 Qh1# 0-1

[Event "Titled Tuesday intern op 13th Aug Late"]
[Site "Chess.com INT"]
[Date "2024.08.13"]
[Round "8"]
[White "Sabarez, Iulian"]
[Black "Byambaa, Uyanga"]
[Result "1-0"]
[WhiteElo "2022"]
[BlackElo "2019"]
[PlyCount "113"]
[EventDate "2024.08.13"]
[EventType "swiss (blitz)"]
[EventRounds "11"]
[EventCountry "USA"]
[SourceTitle "EXT 2025"]
[Source "ChessBase"]
[SourceDate "2024.10.14"]
[SourceVersion "1"]
[SourceVersionDate "2024.10.14"]
[SourceQuality "1"]

1. e4 d5 2. d3 dxe4 3. dxe4 Qxd1+ 4. Kxd1 Nf6 5. f3 e5 6. c3 Bc5 7. Ne2 Be6 8. Kc2 Na6 9. Nd2 0-0-0 10. Nb3 Be7 11. Ng3 Nd7 12. Bxa6 bxa6 13. Be3 Kb8 14. Na5 Rde8 15. Nc6+ Kb7 16. Nxe7 Rxe7 17. Nf5 Bxf5 18. exf5 Nb6 19. Rad1 e4 20. Bxb6 axb6 21. Rhe1 Rhe8 22. fxe4 Rxe4 23. Rxe4 Rxe4 24. Rd2 Rf4 25. c4 Rxc4+ 26. Kd3 Rf4 27. Ke3 Rxf5 28. Ke4 g6 29. g4 Rc5 30. Rd7 Rc4+ 31. Kf3 Rc2 32. h4 Rxb2 33. Rxf7 h5 34. g5 Rc2 35. Rf6 Rc6 36. Ke4 b5 37. Kd5 Rc4 38. Rxg6 Rxh4 39. Rh6 Rh2 40. g6 Rxa2 41. Ke6 Rg2 42. Kf7 b4 43. Rxh5 b3 44. Rh3 b2 45. Rb3+ Kc6 46. g7 Kc5 47. Rxb2 Rxg7+ 48. Kxg7 a5 49. Kf6 a4 50. Ke5 a3 51. Ra2 Kb4 52. Kd4 c5+ 53. Kd3 Kb3 54. Ra1 c4+ 55. Kd2 Kb2 56. Rc1 a2 57. Rc2+ 1-0